[Event "Villa Gesell"]
[Site "Villa Gesell"]
[Date "1996.??.??"]
[Round "5"]
[White "Rodriguez Vila, Andres"]
[Black "Milos, Gilberto"]
[Result "1-0"]
[WhiteElo "2575"]
[BlackElo "2565"]
[Annotator "Horn,Peter"]
[PlyCount "113"]
[EventDate "1996.03.??"]
[EventType "tourn"]
[EventRounds "11"]
[EventCountry "ARG"]
[EventCategory "11"]
[SourceTitle "CBM 052"]
[Source "ChessBase"]
[SourceDate "1996.06.01"]
[SourceVersion "1"]
[SourceVersionDate "1996.06.01"]
[SourceQuality "1"]

1. e4 c5 2. Nf3 e6 3. d3 d5 4. Nbd2 Nc6 5. g3 Bd6 6. Bg2 Nge7 7. O-O O-O 8. Nh4 Bd7 9. f4 f5 10. exd5 (10. c3 Kh8 (10... b5 11. Ndf3 Qa5 12. Bd2 Rad8 13. Qe2 Qa4 14. Ng5 Rde8 15. Rfe1 h6 16. Ngf3 Bc7 17. Kh1 b4 $132 {Zuckerman-Spraggett/New York op/1987}) (10... Rb8 11. Re1 b5 12. exf5 exf5 13. Ndf3 b4 14. d4 bxc3 15. bxc3 Qa5 16. Bd2 c4 17. Qc2 h6 18. Re2 Rf7 19. Rae1 Qb5 20. Bc1 Qb1 21. Qd2 Qb6 22. Bh1 Qa5 23. Qc2 a6 24. Bg2 Rb5 25. Bh3 Rb8 26. Bd2 Qa3 27. Bc1 Qa5 28. Bd2 {½-½ Kim,N-Suetin,A/Daugavpils 1978}) 11. Kh1 b5 12. Ndf3 b4 13. c4 Bc7 14. exd5 exd5 15. Ng5 dxc4 16. Qh5 h6 17. Ng6+ Kg8 18. Nxf8 Qxf8 19. Nf3 Be8 20. Qh3 cxd3 21. Be3 Bb6 (21... c4 $5) 22. Rac1 Rd8 23. Rfd1 {½-½ Ciocaltea,V-Padevsky,N/Istanbul 1975}) (10. c4 $6 b5 $6 (10... d4 $10) 11. cxd5 exd5 12. exf5 Nb4 13. Ndf3 c4 14. dxc4 Bc5+ 15. Kh1 dxc4 16. Ng5 Nxf5 17. Bd2 $1 Nxh4 18. Bxb4 Bxb4 19. Qd5+ Kh8 20. gxh4 $14 {Vasiukov-Krasenkov/St.Petersburg op/1994}) 10... exd5 ({RR} 10... Nxd5 11. Nc4 Bc7 12. Nf3 b5 13. Ne3 Nb6 14. c3 Rc8 15. Nc2 Bd6 16. Be3 Nd5 17. Bf2 Nf6 18. Kh1 Ng4 19. Bg1 e5 20. fxe5 Ncxe5 21. Nxe5 Bxe5 22. d4 cxd4 23. Nxd4 Qe8 24. Nf3 Bb8 25. Re1 {Hansen,S (2561)-Graf,A (2601) Germany 2007 1-0 (42)}) 11. Ndf3 (11. c3 Qb6 12. Kh1 Rae8 13. Ndf3 d4 14. c4 Qc7 15. Re1 a6 16. Bd2 Nd8 17. Rc1 Nf7 18. Nxd4 cxd4 19. c5 Bxc5 20. b4 Bc6 21. Rxc5 Bxg2+ 22. Kxg2 Qd7 23. Qb3 b6 24. Rce5 Kh8 25. Re6 Nd8 26. R6e2 b5 27. Kf2 g6 28. Nf3 Nec6 29. Ne5 Nxe5 30. Rxe5 Nc6 31. Rc5 Rxe1 32. Bxe1 Re8 33. Bd2 Qe7 34. Qd1 Qe6 35. a3 Kg7 36. Bc1 Kf7 37. Rc2 {½-½ Artishevsky-Cherepkov,A/Minsk Sokol 1985}) (11. Re1 {Watson} Be8 12. c3 (12. Nhf3 Bh5) (12. Ndf3 Bh5) 12... Bf7 $10) 11... Qb6 12. c3 Rae8 $146 ({RR} 12... Kh8 13. Re1 Rae8 14. Ng5 g6 15. b3 h6 16. Ngf3 Kh7 17. Qc2 Ng8 18. Be3 Nf6 19. h3 d4 20. Bf2 Be6 21. c4 Bd7 22. a3 a5 23. Rab1 Qc7 24. Qd2 Bc8 25. Rxe8 Rxe8 26. Re1 Rxe1+ 27. Nxe1 {Nun,J (2370)-Stewart,N (2388) Germany 2002 ½-½ (35)}) ({RR} 12... Be8 13. Qe2 Bh5 14. Be3 d4 15. Bf2 Rae8 16. Qd2 Ng6 17. Nxg6 Bxg6 18. Rfe1 Bh5 19. Ng5 h6 20. Bd5+ Kh8 21. Rxe8 Bxe8 22. Ne6 Rf6 23. Re1 Bf7 24. Bc4 Na5 25. Bd5 Nc6 26. Bc4 Na5 {½-½ (26) Zemerov,V (2341)-Braun,P (2309) Marianske Lazne 2008}) 13. Re1 d4 14. Ng5 (14. c4) 14... g6 (14... h6 $5 15. Qh5 (15. Ne6 $2 Rf6 $19) 15... hxg5 16. fxg5 Ne5 (16... Be5 17. g6 Rf6 18. Qh7+ Kf8 19. Bh6) 17. g6 (17. Bf4 g6) 17... N7xg6 18. Nxg6 Nf3+ 19. Bxf3 Rxe1+ 20. Kf2 Rfe8 21. Bd5+ Be6 (21... R8e6 22. Qh8+ Kf7 23. Qh5 Rxc1 $6 (23... Kg8 $10) 24. Ne5+ Kg8 25. Qf7+ Kh7 26. Nc4 $40) 22. Qh8+ Kf7 23. Qh5 Kg8 (23... Bxd5 24. Ne5+ Kf8 (24... Ke7 25. Bg5+) 25. Nd7+) 24. Qh8+ $10) 15. Bd2 Nd8 $2 (15... h6 16. Ngf3 (16. Ne6 $2 Rf6 $19) 16... Qxb2 17. Rb1 (17. c4 Qb6 (17... Nd8 18. Ne5 Bxe5 19. Rxe5 Ba4 20. Qe1 $44) 18. Ne5 Bxe5 19. fxe5 Kg7 20. e6 Bc8 $13) 17... Qxa2 18. Rxb7 (18. cxd4 cxd4 (18... Nxd4 19. Nxd4 cxd4 20. Rxb7 Bc8 $13) 19. Ne5 Bxe5 20. fxe5 g5 21. Rxb7 Qe6 $13) (18. c4 Qa6 19. Ne5 Bxe5 20. fxe5 Kg7 21. e6 Bc8 $13) 18... Bc8 19. Rb3 Qa4 20. c4 (20. Ne5 dxc3 21. Bxc3 Bxe5 $17) 20... Bc7 21. Ne5 Nxe5 22. fxe5 g5 23. Qh5 Qxb3 24. Bd5+ Kg7 25. Bxg5 hxg5 26. Qxg5+ Kh7 27. Qh5+ Kg7 $10) 16. cxd4 cxd4 17. b4 $1 $16 Bb8 18. Qb3+ Kg7 19. Qb2 {[%csl Rd4] Vielleicht hätte Weiß das Spiel gegen die Schwäche d4 noch etwas vorbereiten sollen.} (19. a4 $5 a6 (19... Nec6 $2 20. Qd5 $18) 20. Rac1 $16 (20. b5 Bd6)) (19. Rac1 $5 $16) 19... a6 20. Ngf3 Nec6 21. Kh1 h6 22. Nxd4 $5 (22. a4 $16) 22... Nxd4 23. Bc3 Ba7 24. Nf3 N8c6 25. a4 Rxe1+ (25... a5 $2 26. b5 Kh7 27. bxc6 Qxb2 28. Bxb2 Nxf3 29. Rxe8 Bxe8 30. Bxf3 Bxc6 31. Bxc6 bxc6 32. Re1 Rf7 33. Re6 $16) 26. Rxe1 Re8 27. Rxe8 Bxe8 28. b5 Kf8 (28... Kg8 29. bxc6 Nxc6 $6 (29... Qxb2 30. Bxb2 Nxc6 $10) 30. Qa1 $14) 29. bxc6 Qxb2 (29... Nxc6 $4 30. Bg7+) 30. Bxb2 Nxc6 31. d4 Ke7 32. d5 Nb4 33. Ne5 Bc5 (33... Nc2 $10) 34. a5 Nc2 35. Nc4 Bb5 (35... Ne1 36. d6+ Bxd6 37. Bxb7 Bb5 38. Nxd6 Kxd6 39. Kg1 $10) 36. Ne5 Be8 37. d6+ Kxd6 (37... Bxd6 38. Bxb7 Bb4) 38. Bxb7 Nb4 39. Bc3 Kc7 (39... Nd5 40. Bd2 Nc7 $10) 40. Bf3 Nc6 41. Kg2 Nxe5 42. Bxe5+ Bd6 $2 (42... Kd8 43. Be2 Bc6+ 44. Kf1 Bb7 45. Bf6+ Ke8 46. Bc3 Ke7 47. Bc4 $14) 43. Be2 $1 Bc6+ (43... Bb5 44. Bxb5 axb5 45. a6 Bxe5 46. a7 Kb7 47. fxe5 b4 48. e6 b3 49. e7 b2 50. e8=Q b1=Q 51. Qb8+ $18) 44. Kf2 Bb7 45. Ke3 Bxe5 (45... Kd7 46. Bxd6 Kxd6 47. Kd4 $18) 46. fxe5 Kd7 47. Kf4 Ke7 48. Bc4 Bc8 49. h4 Kf8 50. e6 Ke7 51. Ke5 Bb7 52. h5 gxh5 53. Kxf5 Bc8 54. Ke5 Bb7 55. Bd5 Bc8 56. Bb3 Bb7 57. Bc4 1-0

[Event "Paris op"]
[Site "Paris"]
[Date "1996.??.??"]
[Round "3"]
[White "Shchekachev, Andrei"]
[Black "Miezis, Normunds"]
[Result "1-0"]
[WhiteElo "2500"]
[BlackElo "2515"]
[PlyCount "95"]
[EventDate "1996.04.??"]
[EventType "swiss"]
[EventRounds "9"]
[EventCountry "FRA"]
[SourceTitle "EXT 1997"]
[Source "ChessBase"]
[SourceDate "1996.11.15"]
[SourceVersion "1"]
[SourceVersionDate "1996.11.15"]
[SourceQuality "1"]

1. e4 c5 2. Nf3 e6 3. d3 Nc6 4. g3 g6 5. Bg2 Bg7 6. O-O Nge7 7. c3 e5 8. Nh4 ({RR} 8. a3 O-O 9. b4 d6 10. Be3 b6 11. Nbd2 Be6 12. Rc1 h6 13. Nh4 d5 14. f4 dxe4 15. dxe4 Qd3 16. Re1 exf4 17. gxf4 cxb4 18. axb4 Rad8 19. Qf3 Qd7 20. Kh1 Bg4 21. Qg3 Bh5 22. e5 Nd5 {Sanal,V (2597)-Vallejo Pons,F (2716) Sant Boi ESP 2022 ½-½ (80)}) ({RR} 8. Be3 d6 9. Na3 O-O 10. Nh4 Be6 11. f4 exf4 12. Bxf4 d5 13. Qd2 d4 14. Nb5 dxc3 15. bxc3 Ne5 16. Rfd1 Qa5 17. Rab1 Rfd8 18. Bxe5 Bxe5 19. Nf3 Bg7 20. Qg5 Nc6 21. Qxc5 a6 22. d4 Bxa2 {Bozanis,D (2008)-Hera,I (2556) Thessaloniki GRE 2023 0-1}) 8... d5 9. exd5 Nxd5 10. Re1 $146 ({RR} 10. Qb3 Nde7 11. Be3 b6 12. Na3 O-O 13. f4 Qxd3 14. Rfe1 Qa6 15. fxe5 Be6 16. Qb5 Qc8 17. Bg5 Bd5 18. Rad1 Bxg2 19. Nxg2 Qf5 20. Bxe7 Nxe7 21. Nc4 Rad8 22. Rxd8 Rxd8 23. Nd6 Qd7 24. Qxd7 Rxd7 {Greger,R (2277)-Sylvan,J (2295) Denmark 2021 ½-½ (32)}) ({RR} 10. Qb3 Nde7 11. Be3 b6 12. Na3 O-O 13. f4 Qxd3 14. Rfe1 Qa6 15. fxe5 Be6 16. Qb5 Qc8 17. Bg5 Bd5 18. Rad1 Bxg2 19. Nxg2 Qf5 20. Bxe7 Nxe7 21. Nc4 Rad8 22. Rxd8 Rxd8 23. Nd6 Qd7 24. Qxd7 Rxd7 {Greger,R (2277)-Sylvan,J (2295) Denmark 2021 ½-½ (32)}) 10... O-O 11. Nf3 h6 12. Nbd2 Re8 13. a4 Bf5 14. Ne4 Qe7 15. a5 Rad8 16. Qa4 Nb8 17. Nfd2 Na6 18. Nc4 Bd7 19. Qb3 Bc6 20. Ned2 Qc7 21. Nf3 Kh7 22. Bd2 Nb8 23. Re2 Nd7 24. Rae1 Qb8 25. h4 f6 26. h5 g5 27. d4 exd4 28. cxd4 Rxe2 29. Rxe2 Re8 30. Qc2+ Kh8 31. Rxe8+ Qxe8 32. dxc5 Qxh5 33. Nd4 Ne7 34. Nxc6 bxc6 35. Be3 f5 36. Qd3 Nf6 37. Nd6 Qg4 38. Bd4 Kh7 39. Bf3 Qh3 40. Bg2 Qg4 41. Bf3 Qh3 42. Bxf6 Bxf6 43. Ne8 Ng8 44. Bxc6 Bxb2 45. Bd7 Kh8 46. c6 Qg4 47. c7 Ne7 48. Qd6 1-0

[Event "Yerevan"]
[Site "Yerevan"]
[Date "1996.??.??"]
[Round "9"]
[White "Vaganian, Rafael A"]
[Black "Minasian, Artashes"]
[Result "1-0"]
[WhiteElo "2615"]
[BlackElo "2580"]
[Annotator "Horn,Peter"]
[PlyCount "115"]
[EventDate "1996.04.??"]
[EventType "tourn"]
[EventRounds "11"]
[EventCountry "ARM"]
[EventCategory "15"]
[SourceTitle "CBM 053"]
[Source "ChessBase"]
[SourceDate "1996.08.01"]
[SourceVersion "1"]
[SourceVersionDate "1996.08.01"]
[SourceQuality "1"]

1. Nf3 {Hecht} d5 2. g3 Bg4 3. Bg2 c6 4. d3 Nd7 5. O-O e6 6. b3 Qf6 $6 (6... Be7 7. Bb2 Bf6 8. d4 Be7 (8... h5 9. Nbd2 h4 10. e4 $1 hxg3 11. hxg3 Bg5 12. Qe1 $1 $14 Bxd2 13. Nxd2 Ne7 (13... Qg5 $5) 14. c4 $16 {Vaganian-Lau/BRD/1991}) (8... Bxf3 9. Bxf3 Ne7 10. e4 dxe4 11. Bxe4 O-O 12. Nd2 Qc7 13. c4 c5 14. Qc2 Ng6 15. d5 (15. Nf3 $5) 15... exd5 16. Bxd5 Bxb2 17. Qxb2 Nf6 18. Bg2 Rad8 $10 {Vaganian-Campora/Manila olm/1992}) 9. Nbd2 Ngf6 10. Re1 O-O 11. e4 dxe4 12. Nxe4 Nxe4 13. Rxe4 Bf5 14. Re3 a5 15. a3 Bf6 16. Qe2 Qc7 17. c4 Bg4 18. h3 Bxf3 19. Bxf3 Rad8 20. Rd1 Nb6 21. a4 c5 22. dxc5 Rxd1+ 23. Qxd1 Bxb2 24. cxb6 Qxb6 $10 {Vaganian-Razuvaev/Reggio Emilia/1996}) ({RR} 6... Be7 7. Bb2 Bf6 8. d4 Be7 9. Nbd2 Ngf6 10. Re1 O-O 11. e4 dxe4 12. Nxe4 Nxe4 13. Rxe4 Bf5 14. Re3 a5 15. a3 Bf6 16. Qe2 Qc7 17. c4 Bg4 18. h3 Bxf3 19. Bxf3 Rad8 20. Rd1 Nb6 21. a4 {Vaganian,R (2645)-Razuvaev,Y (2585) Reggio Emilia 1995 ½-½}) ({RR} 6... Bd6 7. Bb2 f6 8. e4 Ne7 9. Nbd2 O-O 10. Qe2 Bc7 11. h3 Bh5 12. d4 Re8 13. c4 a5 14. Rfe1 Bf7 15. a4 Bd6 16. Bc3 Qb8 17. Rad1 Ng6 18. h4 Ne7 19. Bh3 Nf8 20. e5 fxe5 21. dxe5 {Naroditsky,D (2619)-Tang,A (2527) chess.com INT 2024 1-0 (34)}) 7. d4 $146 (7. c3 $6 {sieht recht halbherzig aus.}) ({RR} 7. c3 Bd6 8. Qc2 Ne7 9. a4 O-O 10. Ra2 Rac8 11. c4 h6 12. Nc3 Nf5 13. Bb2 e5 14. Qd1 Ne7 15. a5 Qe6 16. Re1 f5 17. Ba1 f4 18. a6 b6 19. Qb1 Rf7 20. cxd5 cxd5 21. Nb5 Bb8 {Habibi,A (2350)-Bernasconi,C Switzerland 1992 0-1 (66)}) ({RR} 7. c3 h5 8. d4 Be7 9. h3 Bxf3 10. exf3 h4 11. f4 Bd6 12. Nd2 Qg6 13. Qg4 Qh7 14. Nf3 Ngf6 15. Ng5 Nxg4 16. Nxh7 Nxf2 17. Rxf2 hxg3 18. Re2 Rxh7 19. f5 Nf8 20. c4 O-O-O 21. Bg5 Rd7 {Azaladze,S (2446)-Kovalenko,I (2630) Ordu 2018 0-1}) 7... Bd6 8. c4 Qe7 9. Nc3 f5 10. Qc2 $1 {Ein schlauer Wartezug.} (10. Bb2 Nh6 $1) (10. cxd5 exd5 11. h3 $14) 10... Ngf6 (10... dxc4 $6 11. bxc4 e5 12. Rb1 $16) 11. cxd5 exd5 $6 (11... cxd5 12. Nb5 $16 {erobert das Läuferpaar}) (11... Nxd5 $142 $14) 12. h3 $1 Bxf3 $8 13. exf3 O-O {Minasian hatte die Wahl zwischen zwei Übeln: entweder ergibt einen  für zweifelhafte Kompensation, oder er muß lang rochieren, wo sein  leicht in einen Angriff geraten kann.} (13... g6 14. Bh6 (14. Bf4 Nf8 15. Rfe1 Ne6 16. Bxd6 Qxd6 17. Qe2 Kf7 $10) 14... O-O-O (14... Nf8 $2 15. Rfe1 Ne6 16. Re3 $18 {[%cal Ra1e1]}) 15. Rfe1 Qf7 16. b4 $1 Rhe8 (16... Kb8 17. b5 $16) (16... Bxb4 17. Nb5 a6 18. Reb1 Bc5 (18... axb5 19. Rxb4 $40 {[%cal Ra2a4]}) 19. dxc5 axb5 20. a4 $40) 17. b5 $16) 14. Qxf5 Ne8 (14... Rae8 $16) 15. Qd3 (15. Qg5 Qxg5 16. Bxg5 h6 17. Bd2 g5 18. h4 $1 $16) 15... g5 {Das war also die Idee: der f3 soll hinten bleiben. Das funktioniert aber bei energischem weißen Spiel nicht, wie Vaganian schnell nachweist.} 16. Qe3 {[%csl Rg5]} h6 (16... Qxe3 17. fxe3 (17. Bxe3 $16) 17... Bxg3 18. e4 dxe4 19. Nxe4 $16 (19. Bxg5 $16)) 17. Qxe7 Bxe7 18. f4 Bf6 {[%csl Rd4][%cal Ye8g7,Yg7e6,Yg7f5,Yd7f8,Yf8e6] Versucht ein Spiel gegen den d4 aufzuziehen.} 19. Ne2 (19. Rd1 Ng7 20. Ba3 Rfe8 21. fxg5 hxg5 22. Bf3 Nf8 23. Rac1 Nfe6 24. Ne2 Nf5 25. Bb2 Re7 $14) 19... Ng7 20. Be3 Nf5 21. Rad1 Rae8 22. Rd3 Re7 (22... gxf4 23. Nxf4 $16) 23. g4 gxf4 (23... Nxe3 24. fxe3 $16) 24. Nxf4 Nxe3 25. fxe3 {} Rxe3 $6 {Die Kombination ist zwar nicht inkorrekt, aber letztlich führt sie in ein Leichtfigurendspiel mit einem Mehrbauern für Weiß. Bei einer weniger direkten Fortsetzung hätte Schwarz immer noch auf die ungleichen Läufer pochen können.} 26. Rxe3 Bxd4 {} 27. Nxd5 $1 cxd5 28. Bxd5+ Kg7 29. Rxf8 Bxe3+ 30. Rf2 Nc5 31. Kg2 Bxf2 32. Kxf2 {Hecht:  starker L mit einem Mehrbauern am K-Flügel, Raumgewinn und Zugang zum D-Flügel durch Zugzwang und Austempieren der schwarzen Figuren} Kf6 33. Ke3 Ke5 34. Bf3 b6 35. h4 Ne6 36. Be4 Nf4 37. g5 hxg5 38. hxg5 Ne6 39. g6 Ng7 (39... Kf6 40. Kd3 Nc5+ 41. Kd4 Nxe4 42. Kxe4 Kxg6 43. Kd5 $18) 40. Bd3 Ne6 41. Bc4 Ng7 42. Kd3 Nf5 (42... Kd6 {Hecht} 43. Ke4 $18) 43. Kc3 a5 44. Bd3 {Tempogewinn} Ng7 45. Kc4 Kd6 46. Kd4 Ke6 47. Bc4+ Kd6 48. Ke4 {Zugzwang} Ne8 49. Kf5 Ke7 50. Ke5 Ng7 51. a4 Nh5 52. Be6 Ng7 53. Bf7 (53. Bg4 $18 {Hecht}) 53... Nh5 54. Kd5 Kd7 55. Be6+ Ke7 56. Bf5 Ng7 57. Bd3 Ne6 (57... Kd7 {Hecht} 58. Bb5+ $18) 58. Kc6 (58. Kc6 {Hecht} Nd4+ 59. Kxb6 Nxb3 60. g7 Kf7 61. Bc4+ $18) 1-0

[Event "Ischia"]
[Site "Ischia"]
[Date "1996.??.??"]
[Round "3"]
[White "Romanishin, Oleg M"]
[Black "Hodgson, Julian M"]
[Result "1-0"]
[WhiteElo "2590"]
[BlackElo "2615"]
[Annotator "Greenfeld,Alon"]
[PlyCount "79"]
[EventDate "1996.06.??"]
[EventType "tourn"]
[EventRounds "9"]
[EventCountry "ITA"]
[EventCategory "14"]
[SourceTitle "CBM 054"]
[Source "ChessBase"]
[SourceDate "1996.10.01"]
[SourceVersion "1"]
[SourceVersionDate "1996.10.01"]
[SourceQuality "1"]

1. Nf3 b5 2. g3 Bb7 3. Bg2 c5 4. O-O Nf6 5. d3 g6 {N/} (5... e6) (5... d6) ({RR} 5... d6 6. c4 a6 7. Nc3 b4 8. Na4 e5 9. e3 Nbd7 10. d4 Be4 11. b3 g6 12. Bb2 Qc7 13. dxe5 dxe5 14. Nxe5 Nxe5 15. Bxe4 Rd8 16. Qc2 Bg7 17. Rad1 O-O 18. Bg2 Rde8 19. Rd2 h5 20. Rfd1 {Romanishin,O (2526)-Malec,S (2159) Warsaw 2011 1-0 (39)}) 6. e4 Bg7 $6 {} (6... d6) ({RR} 6... d6 7. a4 b4 8. a5 Bg7 9. Nbd2 O-O 10. Nc4 d5 11. exd5 Nxd5 12. Re1 Nc6 13. a6 Bc8 14. Nfe5 Nxe5 15. Nxe5 e6 16. d4 Qc7 17. Bf4 g5 18. Bc1 Rb8 19. h4 gxh4 20. Qg4 f5 21. Qxh4 {Brady,T (2164)-Foldes,M (2324) chess.com INT 2025 1-0 (34)}) 7. e5 $1 ({RR} 7. a4 b4 8. Nbd2 O-O 9. Nc4 Nc6 10. Re1 d6 11. Bd2 Nd7 12. Qc1 Nb6 13. Bh6 Nxc4 14. dxc4 e5 15. Bxg7 Kxg7 16. Nd2 Nd4 17. c3 bxc3 18. bxc3 Ne6 19. Nf1 f5 20. Rb1 Bxe4 21. Bxe4 fxe4 {Santos Latasa,J (2978)-Carlsen,M (3244) Chess.com 2024 0-1 (47)}) 7... Nd5 (7... Ng4 8. Re1) 8. d4 $146 ({RR} 8. c4 Nc7 9. Nc3 b4 10. Ne4 Bxe4 11. dxe4 Nc6 12. Bf4 Ne6 13. Qd5 Rc8 14. Rad1 Ned4 15. Nxd4 Nxd4 16. Qb7 a5 17. Bh3 e6 18. Rxd4 cxd4 19. b3 O-O 20. Rd1 g5 21. Bc1 Bxe5 22. f4 gxf4 {Gallasch,R (2063)-Stelmaszyk,N (2302) Willingen 2022 0-1}) ({RR} 8. c4 Nc7 9. Nc3 b4 10. Ne4 Bxe4 11. dxe4 Nc6 12. Bf4 Ne6 13. Qd5 Rc8 14. Rad1 Ned4 15. Nxd4 Nxd4 16. Qb7 a5 17. Bh3 e6 18. Rxd4 cxd4 19. b3 O-O 20. Rd1 g5 21. Bc1 Bxe5 22. f4 gxf4 {Gallasch,R (2063)-Stelmaszyk,N (2302) Willingen 2022 0-1}) 8... cxd4 (8... Qb6 9. c3 { bd2-e4,h4-h5}) (8... d6 $5 9. dxc5 dxc5 10. Na3 $14) 9. Nxd4 Qb6 (9... Bxe5 $2 10. Re1 d6 11. Nxb5 Qb6 12. c4 $18) 10. a4 $1 Nc7 (10... Bxe5 11. Nxb5) (10... b4 11. Nb5) (10... bxa4 $5 11. Re1 $16) 11. Bxb7 (11. Be3 $6 Bxg2 12. Nxb5 Qb7 13. Nxc7+ Qxc7 14. Kxg2 Qxe5) 11... Qxb7 12. Nxb5 Nxb5 13. axb5 Qxb5 (13... Bxe5 $6 14. Re1 $1 Qxb5 (14... d6 15. Nc3 O-O 16. Qd5 $18) 15. Na3 Qc5 16. Be3 {}) 14. Nc3 $1 Qb7 (14... Qxe5 $2 15. Re1 Qc5 (15... Qd4 16. Qf3 Nc6 17. Nb5) 16. Ne4 (16. Nd5 {}) (16. Be3 { d5}) 16... Qc6 $8 17. Nd6+ Kf8 18. Rxe7 $1 Kxe7 19. Qe1+ Kd8 (19... Kxd6 20. Bf4+ Kc5 21. Ra5+) (19... Kf6 20. Ra5 $1) 20. Nxf7+ $18) 15. Ra5 $1 $16 {× a7} Nc6 (15... O-O 16. Rb5) 16. Rb5 Qc8 17. Bf4 O-O 18. Nd5 $5 (18. Re1 $16) 18... Re8 (18... e6 19. Nf6+ Bxf6 20. exf6 {}) 19. Re1 Rb8 20. Rxb8 Nxb8 $6 (20... Qxb8 $1 21. e6 (21. Nf6+ $2 exf6 22. exf6 Rxe1+ 23. Qxe1 Qb4 (23... Qa8 $5 24. fxg7 Nd4) 24. Qxb4 Nxb4 25. fxg7 Nxc2) 21... d6 22. exf7+ Kxf7 $16) 21. c3 Nc6 22. b4 $1 {×a7} Nd8 $2 (22... e6 23. Nf6+ Bxf6 24. exf6 d5 $16) 23. Bg5 $1 Bf8 $8 (23... Kf8 24. Nxe7 Rxe7 25. Qd6 Nc6 26. b5) 24. Be3 $18 Qb7 25. f4 Ne6 26. Qd3 Nc7 27. Nxc7 Qxc7 28. Ra1 Ra8 29. Bd4 { f3} Qb7 30. Qa6 $1 Qc7 (30... Qe4 31. Qf1 { g2}) 31. Qf1 Qb7 (31... Qc6 32. Qg2 a6 33. b5) 32. Qg2 Qc8 33. Qf3 a6 34. b5 a5 35. b6 Qa6 36. Qf1 Qxf1+ 37. Kxf1 a4 38. Ke2 e6 39. Kd3 a3 40. Kc4 1-0

[Event "NED-ch51"]
[Site "Amsterdam"]
[Date "1996.06.19"]
[Round "11"]
[White "Piket, Jeroen"]
[Black "Timman, Jan H"]
[Result "1-0"]
[WhiteElo "2570"]
[BlackElo "2620"]
[Annotator "Horn,Peter"]
[PlyCount "87"]
[EventDate "1996.06.07"]
[EventType "tourn"]
[EventRounds "11"]
[EventCountry "NED"]
[EventCategory "11"]
[SourceTitle "CBM 054"]
[Source "ChessBase"]
[SourceDate "1996.10.01"]
[SourceVersion "1"]
[SourceVersionDate "1996.10.01"]
[SourceQuality "1"]

1. Nf3 c5 2. g3 Nc6 3. Bg2 Nf6 4. O-O e5 5. d3 d5 6. Na3 {Da diese Entwicklung in manchen Varianten des Königsinders die große Mode ist, macht es Sinn, die Sache auch mit einem Tempo mehr zu probieren.} Be7 7. e4 d4 (7... O-O {eine gute Alternative.}) (7... dxe4) 8. Nc4 {Jetzt sieht man dem c4 seine Herkunft nicht mehr an: In den meisten folgenden Beispielen kam er von d2.} (8. c3 O-O 9. cxd4 cxd4 10. Nc4 Qc7 11. a4 Be6 12. b3 Nd7 13. Ne1 a6 14. f4 f6 15. a5 b5 16. axb6 Nxb6 17. fxe5 fxe5 18. Rxf8+ Bxf8 $13 {Sepp-Kulaots/Riga zt/1995}) 8... Qc7 (8... Nd7 9. a4 O-O 10. Bh3 (10. Ne1 Nb6 11. b3 Be6 12. f4 $10 {R.Fischer-Harrow/Milwaukee op/1957}) 10... Qc7 11. Nfd2 $1 {Dworezki} (11. Ne1 $2 Nb6 12. Bxc8 Qxc8 $1 13. Nxb6 axb6 { b5} 14. Bd2 f5 15. exf5 Qxf5 16. f3 c4 $2 (16... Qh3 $1 {Dworezki}) 17. Qe2 Bc5 18. Ng2 c3 19. bxc3 b5 20. a5 {= Dworezki-Alburt/Odessa 1974}) (11. b3 $10) (11. Kh1 $10) 11... Bg5 12. f4 exf4 13. Nf3 Bh6 14. Nh4 $1 $16) 9. a4 Be6 {Mit diesem Zug (statt d7) wird der Aufbau mit h3 verhindert.} (9... O-O 10. Ne1 (10. b3 Be6 11. Ng5 Bg4 12. f3 Bh5 13. Nh3 Nd7 14. g4 Bg6 15. f4 exf4 (15... f6) 16. Bxf4 Qd8 (16... Nde5) 17. Bg3 Nb6 18. Nxb6 axb6 19. Nf4 $36 {Borik-Schön/BL/1989}) 10... Ne8 11. f4 exf4 12. gxf4 f5 13. Nf3 Nd6 14. Nxd6 Bxd6 15. e5 Be7 16. c4 dxc3 $6 17. Qb3+ Kh8 18. bxc3 Na5 19. Qa2 Rd8 20. Rd1 c4 21. d4 $16 {Kirillov-Kazachenkov/Lettland/1991}) (9... Bg4 $5) 10. Ne1 $146 {[%cal Yf2f4] Indem Weiß das Tempo mit b3 einspart (gegenüber Todorcevic-Ivanovic), verhindert er das Gegenspiel mit g7-g5.} (10. b3 Nd7 11. Ne1 g5 $5 12. f4 gxf4 13. gxf4 O-O-O 14. f5 Bxc4 15. bxc4 Rdg8 16. Kh1 h5 $132 {Todorcevic-Ivanovic/YU/1990}) 10... Nd7 (10... Bxc4 {Das ist offenbar nicht zu fürchten, da Weiß ein wunderbares Springerfeld auf d3 und das Läuferpaar erhält.} 11. dxc4 {[%cal Ye1d3,Yf2f4]}) 11. f4 f6 12. Bh3 $1 {Strategisch ein wünschenswerter Abtausch: Der gute (e6) wird gegen den schlechten (g2) Läufer getauscht.} (12. Qh5+ Bf7 (12... g6 13. Qh6 Bf8 14. Qh4 Bg7) 13. Qf5) 12... Bxh3 13. Qh5+ g6 14. Qxh3 Nb6 $146 ({RR} 14... O-O-O 15. fxe5 fxe5 16. Bh6 Rhg8 17. Nf3 g5 18. g4 Rg6 19. Rf2 Na5 20. Nxa5 Qxa5 21. Bxg5 Bxg5 22. Qxh7 Rh6 23. Nxg5 Rxh7 24. Nxh7 Qb6 {0-1 (24) Foglieni,M (1853)-Bonassi,T (1953) Treviglio 2014}) 15. fxe5 fxe5 16. Qe6 $16 Nxc4 17. Qxc4 (17. Qf7+ {Das naheliegende Schach gestattet Schwarz ein Tempo bei der Aktivierung der Türme.} Kd7 18. Qxc4 Raf8) (17. dxc4 $5) 17... O-O-O (17... Rf8 18. Nf3 O-O-O 19. Bh6 $16 {erobert die f-Linie}) 18. Bh6 {[%cal Yf1f7]} Rdg8 { c6-d8,g6-g5} 19. Rf7 Nd8 20. Rg7 Rxg7 21. Bxg7 Re8 22. Nf3 (22. b4 $6 {verschärft das Spiel zu früh (a1 und e1 können noch aktiviert werden, wogegen dem Schwarzen die aktiven Möglichkeiten fehlen).} Bg5 23. Qxc5 Qxc5 24. bxc5) 22... Bd6 23. Bh6 {[%csl Gh6,Rd6]} Qf7 (23... Bf8) (23... Nf7 $5 24. Bd2 Rf8 25. Rf1 {Die Kontrolle der f-Linie wird bei dieser Fortsetzung abgeschwächt, aber sämtliche schwarze Figuren erfüllen nur passive Funktionen.}) 24. Nd2 {[%cal Ya1f1]} Qxc4 25. Nxc4 Kd7 26. Rf1 Ne6 (26... Bc7 27. h4 $16) 27. h4 (27. Rf7+ Re7 28. Rxe7+ Kxe7 29. Na5 b6 30. Nc6+ Kf6 31. Nxa7 g5 32. h4 gxh4 33. gxh4 Kg6 34. Bd2 Kh5 35. Be1 $16) 27... Bc7 28. h5 Ke7 (28... gxh5 29. Rf5 $16 {[%csl Re5,Rh5,Rh7]}) 29. Kg2 b6 30. hxg6 hxg6 31. Bd2 a6 32. b4 Rb8 (32... Rh8 33. Rb1 $16 (33. bxc5 $5 Nxc5 34. Bg5+ Kd7 35. Rf7+ Kc8 36. Re7)) 33. Rh1 $2 (33. bxc5 Nxc5 (33... bxc5 34. Rh1 $16) 34. Bg5+ Kd7 35. Rf7+ Kc8 36. Re7 (36. Bf6) 36... Nxa4 37. Nxe5 Bxe5 38. Rxe5 Kb7 39. Re7+ Ka8 40. Bf6 $16) (33. Rb1 $142 $14) 33... b5 34. Rh7+ Kf6 (34... Kd8 35. axb5 Rxb5 36. bxc5) 35. axb5 axb5 36. Nb2 {} Ra8 (36... Bd6 $5 37. bxc5 Nxc5 38. Nd1 (38. Ra7 Rc8) 38... Ra8) (36... Bd6 $10) 37. Nd1 {[%cal Yd1f2,Yf2g4]} Ra2 $2 (37... Bd6 38. Nf2 Nf8 39. Rb7 cxb4 40. Rxb5 Rc8 41. Rb6 Ke7 42. Bxb4 Bxb4 43. Rxb4 Rxc2 $10) (37... cxb4 $5) (37... c4 38. Nf2 g5 39. Ng4+ Kg6 40. Re7 Ra6 41. dxc4 $1 bxc4 42. b5 $18) 38. Nf2 {[%cal Rf2g4]} g5 $8 39. Ng4+ Kg6 40. Re7 Rxc2 $6 (40... Ra6 41. bxc5 $18 (41. bxc5 Rc6 42. Ba5 $1 $18)) 41. Rxe6+ Kg7 (41... Kh5 42. Kh3 $18 {[%cal Re6h6]}) (41... Kf7 42. Rf6+ Ke7 43. Rf2) 42. Re7+ Kf8 43. Rxc7 Rxd2+ 44. Kh3 (44. Kh3 Rxd3 (44... cxb4 45. Nxe5) 45. Rxc5) 1-0